000 00936cas a22002897a 4500
005 20220329142132.0
008 990903d1961 jp ar pernn 0 uub1eng d
010 _a78987
011 _a79959
022 _a0578-3747
035 _a90394
245 0 0 _aCivil Engineering in Japan
_c/by Japan Society of Civil Engineers
260 0 _aTokio, Japan :
_bJapan Society of Civil Engineers,
_c1961-.
300 _av.
310 _aAnual
362 _an.23,1984.
500 _aSe dejó de recibir a partir del v.23,1984.
590 _aBATCH-UPD
_b10
_c20130110
_lUCH01
_h0409
590 _aBATCH-UPD
_b10
_c20130410
_lUCH01
_h0044
590 _aBATCH-UPD
_b10
_c20130914
_lUCH01
_h1640
590 _aCONVERSION
_b10
_c20130109
_lUCH01
_h1344
650 1 4 _aIngeniería civil
_xPublicaciones periódicas.
_958216
866 _av.4-7 (1964-1968)
866 _av.9-23 (1970-1984)
901 _aSE
905 _aMa. del Socorro Iturbe C.
999 _c78987
_d78987